000 00531nam a22001937a 4500
005 20251108175310.0
008 250721s9999 xx 000 0 ara d
082 1 4 _a928.11/عبد
100 1 _aعبد العزيز، ضحى
245 1 0 _aأبو تمام حياته/شعره /
264 1 _aدمشق :
_bدار اكرم،
300 _a95ص.
650 1 7 _aالتراجم
650 1 7 _aالشعراء العرب
650 1 7 _aالعصر العباسي
653 _aابو تمام
942 _2ddc
_cBK
999 _c130863
_d130863